[Event "Schleswig-Holstein-ch Basis"]
[Site "Buesum"]
[Date "2010.03.31"]
[Round "6"]
[White "Wieckhorst, Jan"]
[Black "Droste, Eckart"]
[Result "0-1"]
[WhiteElo "1212"]
[BlackElo "1764"]
[PlyCount "76"]
[EventDate "2010.03.27"]
[EventType "swiss"]
[EventRounds "9"]
[EventCountry "GER"]
[SourceTitle "EXT 2023"]
[Source "ChessBase"]
[SourceDate "2022.10.05"]
[SourceVersion "1"]
[SourceVersionDate "2022.10.05"]
[SourceQuality "1"]

1. d4 d5 2. Nc3 e6 3. Bf4 Nf6 4. e3 Bd7 5. Bd3 c5 6. Bb5 cxd4 7. exd4 Bb4 8. Nge2 Bxb5 9. a3 Bxe2 10. Qxe2 Bxc3+ 11. bxc3 Qa5 12. Bd2 Ne4 13. Qe3 Nc6 14. f3 Nxd2 15. Qxd2 0-0 16. 0-0 Ne7 17. Rfb1 b6 18. a4 Rac8 19. Qg5 Ng6 20. c4 Rxc4 21. Rb5 Qc3 22. Qc1 Qxd4+ 23. Kf1 Rfc8 24. Ra2 Rxa4 25. Rxa4 Qxa4 26. Rb2 Qc4+ 27. Kf2 d4 28. h4 e5 29. Qg5 Qc3 30. Qf5 Qd2+ 31. Kf1 Rf8 32. Ra2 Nxh4 33. Qh3 Ng6 34. Qd7 Nf4 35. Qg4 a5 36. Ra1 Qxc2 37. Re1 Nd3 38. Re2 Qd1+ 0-1